00240nam a2200097Ia 4500008004100000082000800041100001300049245005900062942000600121999001500127240331s9999 xx 000 0 und d bMEN aMenon, N 0aRecovering subversion,feminist politics beyond the law cL c2462d2462